| 000 | 00791pam a2200241 a 4500 | ||
|---|---|---|---|
| 001 | 3448424 | ||
| 005 | 20171211034950.0 | ||
| 008 | 920210s1992 enk b 001 0 eng | ||
| 010 | _a 92005186 | ||
| 020 | _a1857420047 | ||
| 020 | _a1857420055 (pbk) | ||
| 040 |
_aDLC _cDLC _dDLC |
||
| 041 | _aeng | ||
| 080 | _aLIB 025.524 ROW | ||
| 082 | 0 | 0 |
_aLIB 025.524 ROW _220 |
| 100 | 1 | _a0 | |
| 101 | _aLIB | ||
| 245 | 1 | 0 |
_aOrganizing knowledge : _cJennifer Rowley. |
| 504 | _aIncludes bibliographical references and index. | ||
| 906 |
_a7 _bcbc _corignew _d1 _eocip _f19 _gy-gencatlg |
||
| 942 |
_2ddc _cBK |
||
| 999 |
_c38847 _d38847 |
||